| 000 | 00652 a2200205 4500 | ||
|---|---|---|---|
| 020 | _a0852975805 (paperback) | ||
| 020 | _a9780852975800 (paperback) | ||
| 090 |
_c4225 _d4225 |
||
| 100 | 1 | _aWatson, Alasdair. | |
| 245 | 1 | 0 |
_aFinance of international trade / _cAlasdair Watson, Cowdell, Hyde, Paul Cowdell, Derek Hyde. |
| 250 | _a7th ed. | ||
| 260 |
_a[S.l.] : _bFinancial World Publishing, _c2000. |
||
| 300 | _a480 p. | ||
| 700 | 1 | _aCowdell. | |
| 700 | 1 | _aHyde. | |
| 700 | 1 | _aCowdell, Paul. | |
| 700 | 1 | _aHyde, Derek. | |
| 856 | 4 | 0 |
_3Amazon.com _uhttp://www.amazon.com/exec/obidos/ASIN/0852975805/chopaconline-20 |
| 942 |
_aNBS _cBK _k332.45 COW |
||
| 999 |
_c346675 _d346675 |
||